000 00530nam a2200181Ia 4500
005 20250115023009.0
008 240331s9999 xx 000 0 und d
020 _a0691055130
082 _bBAR
_a945
100 _aBaron, H
245 0 _aIn search of florentine civic humanism :
_bEssays on the transition from medival to Modern thought-Vol.II
260 _aNew Jersey
_bPrinceton University Press
_c1900
300 _a218 p ., Volume II
650 _aHumanism
650 _aFlorence (Italy)
650 _aPolitics
942 _cL
999 _c3514
_d3514